000 00602nam a22001937a 4500
082 _aP-873
100 _aCapt Saad Shahbaz
_936169
245 _aUse of Nanoparticle Titanium Dioxide (TIO2) in Seepage Control
260 _aRisalpur,
_bMCE,
_c2020.
300 _a57 pages.
_c30 cm.
526 _a0
_b0
_c0
_dP_873
650 _aWater Resource Engineering
_bSyn-34
_936170
700 _aCapt Ali Athar Sultan
_936173
700 _aCapt Barkat Ali
_936172
700 _aCapt Saad Ur Rehman
_936171
700 _aCapt Uzair Ul Islam
_936174
700 _aSupervisor Dr Naeem Shahzad
942 _2ddc
_cBK
999 _c554448
_d554448